|
|
|
|
| LEADER |
00000cam a2200000 c 4500 |
| 001 |
269715819 |
| 003 |
DE-627 |
| 005 |
20251204011335.0 |
| 007 |
tu |
| 008 |
990602s1998 au ||||| 00| ||ger c |
| 035 |
|
|
|a (DE-627)269715819
|
| 035 |
|
|
|a (DE-576)9269715817
|
| 035 |
|
|
|a (DE-599)GBV269715819
|
| 035 |
|
|
|a (OCoLC)174427817
|
| 040 |
|
|
|a DE-627
|b ger
|c DE-627
|e rakwb
|
| 041 |
|
|
|a ger
|
| 044 |
|
|
|c XA-AT
|
| 084 |
|
|
|a 2,1
|2 ssgn
|
| 084 |
|
|
|a 86.37
|2 bkl
|
| 245 |
0 |
0 |
|a Menschenrechte im Strafvollzug
|
| 264 |
|
1 |
|a Wien
|c 1998
|
| 300 |
|
|
|a VII, 512 S
|
| 336 |
|
|
|a Text
|b txt
|2 rdacontent
|
| 337 |
|
|
|a ohne Hilfsmittel zu benutzen
|b n
|2 rdamedia
|
| 338 |
|
|
|a Band
|b nc
|2 rdacarrier
|
| 583 |
1 |
|
|a Archivierung prüfen
|c 20240324
|f DE-4165
|z 1
|2 pdager
|
| 583 |
1 |
|
|a Archivierung/Langzeitarchivierung gewährleistet
|c 20240722
|f NI-LastCopies
|x XA-DE-NI
|z Potenzieller Alleinbesitz Niedersachsen
|2 pdager
|5 DE-89
|
| 650 |
|
4 |
|a Strafvollzug
|x Menschenwürde
|7 (dpeaa)DE-2619
|
| 650 |
|
4 |
|a Strafvollzug
|x Zwangsmaßnahmen
|7 (dpeaa)DE-2619
|
| 651 |
|
7 |
|0 (DE-588)4043271-3
|0 (DE-627)10420317X
|0 (DE-576)209054964
|a Österreich
|2 gnd
|7 (dpeaa)DE-2619
|
| 689 |
0 |
0 |
|d s
|0 (DE-588)4057808-2
|0 (DE-627)106149415
|0 (DE-576)20912377X
|a Strafvollzug
|2 gnd
|
| 689 |
0 |
1 |
|d s
|0 (DE-588)4038654-5
|0 (DE-627)106231219
|0 (DE-576)209031360
|a Menschenwürde
|2 gnd
|
| 689 |
0 |
2 |
|d s
|0 (DE-588)4022344-9
|0 (DE-627)106309382
|0 (DE-576)208943137
|a Grundrecht
|2 gnd
|
| 689 |
0 |
|
|5 (DE-627)
|
| 710 |
2 |
|
|a Österreich
|b Bundesministerium für Justiz
|0 (DE-588)25075-2
|0 (DE-627)100645771
|0 (DE-576)190288701
|4 oth
|
| 935 |
|
|
|a mkri
|
| 936 |
b |
k |
|a 86.37
|j Strafvollzug
|0 (DE-627)106413546
|
| 951 |
|
|
|a BO
|
| ELC |
|
|
|b 1
|
| LOK |
|
|
|0 000 xxxxxcx a22 zn 4500
|
| LOK |
|
|
|0 001 4196237096
|
| LOK |
|
|
|0 003 DE-627
|
| LOK |
|
|
|0 004 269715819
|
| LOK |
|
|
|0 005 20221011150121
|
| LOK |
|
|
|0 008 221011||||||||||||||||ger|||||||
|
| LOK |
|
|
|0 035
|a (DE-2619)k00418
|
| LOK |
|
|
|0 040
|a DE-2619
|c DE-627
|d DE-2619
|
| LOK |
|
|
|0 092
|o n
|
| LOK |
|
|
|0 541
|e Bestand Albert-Krebs-Bibliothek: 2015-117
|
| LOK |
|
|
|0 852
|a DE-2619
|
| LOK |
|
|
|0 852 1
|c NZ.10.055
|m p
|9 00
|
| LOK |
|
|
|0 935
|a kreb
|
| LOK |
|
|
|0 938
|k p
|
| LOK |
|
|
|0 939
|a 11-10-22
|b l01
|
| ORI |
|
|
|a SA-MARC-krimdoka001.raw
|